• 首页
  • 本馆介绍
  • 公告通知
  • 最新文献
  • 馆藏检索
  • 电子资源
  • 读者导购
  • 参考咨询
  • 我的图书馆
  • 登录
  • 详细信息显示
  • 放入我的书架
  • 预约/预借图书
  • 作者相关作品
  • 分类相关作品
  • 丛书相关作品
  • 出版社相关作品

书目信息

  • 表格格式
  • 工作单格式
  • 卡片格式
题名:
北京市公共租赁住房融资模式研究
    
 
作者: 陈钰 著
分册:  
出版信息: 北京   经济科学出版社  2013.8
页数: 148页
开本: 23cm
丛书名:
单 册:
中图分类: F299.271
科图分类:
主题词: 住宅金融--融资模式--研究--北京 , 住宅金融 , 融资模式
电子资源:
ISBN: 978-7-5141-2671-6
000 01222nam0 2200289 450
001 523
005 20140909093743.12
010    @a978-7-5141-2671-6@dCNY39.00
100    @a20131209d2013 em y0chiy50 ea
101 0  @achi@deng
102    @aCN@b110000
105    @ay z 000yy
106    @ar
200 1  @a北京市公共租赁住房融资模式研究@ABei Jing Shi Gong Gong Zu Lin Zhu Fang Rong Zi Mo Shi Yan Jiu@f陈钰著@FChen Yu Zhu
210    @a北京@c经济科学出版社@d2013.8
215    @a148页@d23cm
300    @a中央财经大学学术著作基金资助出版 北京市哲学社会科学研究一般项目基金(项目批准号:12GB0336)
312    @a封面英文题名:A study on the public rental housing finance model in Beijing
330    @a本书总结了北京市自1998年以来在保障住房建设领域的政策制定和融资模式的发展历程,梳理了保障住房政策演变脉络,分析北京租赁保障住房特别是公共租赁租房保障建设现状,建立北京市的公共租赁住房新型融资模式。
510 1  @aStudy on the public rental housing finance model in Beijing@zeng
606 0  @a住宅金融@x融资模式@x研究@y北京
606 0  @a住宅金融
606 0  @a融资模式
690    @aF299.271@v5
701  0 @a陈钰@AChen Yu@c(女,@f1978~)@4著
801  0 @aCN@bTANGWEI@c20140603
905    @b0839965-67@dF299.271@e1188@f3
    
    北京市公共租赁住房融资模式研究/陈钰著.-北京:经济科学出版社,2013.8
    148页;23cm
    中央财经大学学术著作基金资助出版 北京市哲学社会科学研究一般项目基金(项目批准号:12GB0336)
    
    ISBN 978-7-5141-2671-6:CNY39.00
    本书总结了北京市自1998年以来在保障住房建设领域的政策制定和融资模式的发展历程,梳理了保障住房政策演变脉络,分析北京租赁保障住房特别是公共租赁租房保障建设现状,建立北京市的公共租赁住房新型融资模式。
●
相关链接 在E读中查询图书 在五车中查询图书 在当当中查询图书 在豆瓣中查询图书


正题名:北京市公共租赁住房融资模式研究     索取号:F299.271/1188         预约/预借

序号 登录号 条形码 馆藏地/架位号 状态 备注
1 0839965   208399650   第一样本阅览室/ [索取号:F299.271/1188] 在馆    
2 0839966   208399669   第一借阅区/ [索取号:F299.271/1188] 在馆    
3 0839967   208399678   密集书库-海洋学院/ [索取号:F299.271/1188] 在馆    
唐山师范学院图书馆 欢迎您!
大连网信软件有限公司© 版权所有